Los límites de la tolerancia (Record no. 126793)

MARC details
000 -LEADER
fixed length control field 00654nam a22001937a 4500
005 - DATE AND TIME OF LATEST TRANSACTION
control field 20230209115008.0
008 - FIXED-LENGTH DATA ELEMENTS--GENERAL INFORMATION
fixed length control field 230113b cl ||||| |||| 00| 0 spa d
020 ## - INTERNATIONAL STANDARD BOOK NUMBER
International Standard Book Number 956282151
050 04 - LIBRARY OF CONGRESS CALL NUMBER
Classification number KHF3012
Item number l56 1998
245 04 - TITLE STATEMENT
Title Los límites de la tolerancia
Remainder of title : libertad de expresión y debate público en Chile
Statement of responsibility, etc
250 ## - EDITION STATEMENT
Edition statement 1a ed.
260 ## - PUBLICATION, DISTRIBUTION, ETC. (IMPRINT)
Place of publication, distribution, etc Santiago de Chile :
Name of publisher, distributor, etc Human Rights Watch :
-- Lom Ediciones,
Date of publication, distribution, etc 1998
300 ## - PHYSICAL DESCRIPTION
Extent 268 p. ;
Dimensions 21 cm.
490 0# - SERIES STATEMENT
Series statement Colección Nuevo Periodismo
651 #7 - SUBJECT ADDED ENTRY--GEOGRAPHIC NAME
Source of heading or term lemb
Geographic name Chile
General subdivision Libertad de expresión
651 #7 - SUBJECT ADDED ENTRY--GEOGRAPHIC NAME
Source of heading or term lemb
Geographic name Chile
General subdivision Cine
-- Censura
651 #7 - SUBJECT ADDED ENTRY--GEOGRAPHIC NAME
Source of heading or term lemb
Geographic name Chile
General subdivision Televisión
-- Censura
942 ## - ADDED ENTRY ELEMENTS (KOHA)
Source of classification or shelving scheme Biblioteca del Cogreso de los Estados Unidos
Koha item type Libro
Holdings
Estado de pérdida Fuente de clasificación Estado del daño No para préstamo Ubicación permanente Ubicación actual Apartado o colección Fecha de adquisición Fuente de adquisición Edición Área del conocimiento Clasificación Código de Barras Date last seen Número de copia Costo por reposición Tipo de recurso
  Biblioteca del Cogreso de los Estados Unidos     Biblioteca del Posgrado en Derecho Biblioteca del Posgrado en Derecho Colección Ernesto Villanueva 09/02/2023 Donación 1a ed. Ciencias Sociales y Administrativas KHF3012 L56 1998 BPD000001520 09/02/2023 1 1.00 Libro